Bhutanese accounting standards : (Record no. 2838)

MARC details
000 -LEADER
fixed length control field 00525nam a2200193 4500
001 - CONTROL NUMBER
control field 3497
005 - DATE AND TIME OF LATEST TRANSACTION
control field 20181127171331.0
010 00 - LIBRARY OF CONGRESS CONTROL NUMBER
LC control number
020 00 - INTERNATIONAL STANDARD BOOK NUMBER
International Standard Book Number
090 00 - LOCALLY ASSIGNED LC-TYPE CALL NUMBER (OCLC); LOCAL CALL NUMBER (RLIN)
Classification number (OCLC) (R) ; Classification number, CALL (RLIN) (NR) 657.095498 A1725bh 2012
100 00 - MAIN ENTRY--PERSONAL NAME
Personal name
245 00 - TITLE STATEMENT
Title Bhutanese accounting standards :
Remainder of title For small & medium enterprises.
Statement of responsibility, etc.
Medium
250 00 - EDITION STATEMENT
Edition statement
260 00 - PUBLICATION, DISTRIBUTION, ETC.
Place of publication, distribution, etc. Thimphu :
Name of publisher, distributor, etc. Accounting and Auditing Standards Board of Bhutan,
Date of publication, distribution, etc. 2012.
300 00 - PHYSICAL DESCRIPTION
Extent ii, 209 p. ; 23 cm.
500 00 - GENERAL NOTE
General note
650 00 - SUBJECT ADDED ENTRY--TOPICAL TERM
Topical term or geographic name entry element Accounting --Standards --Bhutan.
General subdivision
Topical term or geographic name entry element Accounting --Standards.
General subdivision
Holdings
Withdrawn status Lost status Source of classification or shelving scheme Damaged status Not for loan Collection code Home library Current library Shelving location Date acquired Serial Enumeration / chronology Inventory number Total Checkouts Total Renewals Full call number Barcode Date last seen Date last checked out Copy number Price effective from Koha item type Public note
    Dewey Decimal Classification     Main TEST RTC Library RTC Library Main opac 01/03/2021 8262 5 2 657.095 ACC 30009518 10/11/2021 05/11/2021 3 27/11/2018 Main Donated 2015/15
  Missing       Main TEST RTC Library RTC Library Main opac 04/04/2022 5998     657.095498 A1725bh 2012 30002832 27/11/2018   1 27/11/2018 Main  
    Dewey Decimal Classification     Main TEST RTC Library RTC Library Main opac 01/03/2021 5999 5 1 657.095 ACC 30002827 30/11/2021 26/07/2021 2 27/11/2018 Main  
    Dewey Decimal Classification     Main TEST RTC Library RTC Library Main opac 01/03/2021 18796 8262     657.095 ACC 30019847 09/09/2024   4 27/11/2018 Main Donated by Madam Nawang
    Dewey Decimal Classification     Main TEST RTC Library RTC Library Main opac 01/03/2021 18800 8262     657.095 ACC 30019856 09/09/2024   5 27/11/2018 Main Donated by Madam Nawang
Royal Thimphu College || All Right Reserved